[Event "Chess.com Classic Play In"]
[Site "Chess.com INT"]
[Date "2025.05.19"]
[Round "5"]
[White "Mikaelyan, Arman"]
[Black "Narayanan, Srinath"]
[Result "1-0"]
[WhiteElo "2492"]
[BlackElo "2516"]
[PlyCount "85"]
[EventDate "2025.05.19"]
[EventType "swiss (blitz)"]
[EventRounds "9"]
[EventCountry "USA"]
[SourceTitle "CB21_2025"]
[SourceDate "2025.05.21"]
[SourceVersion "1"]
[SourceVersionDate "2025.05.21"]
[SourceQuality "1"]

1. e4 c5 2. Nf3 d6 3. Nc3 Nf6 4. d4 cxd4 5. Nxd4 Nc6 6. Bg5 e6 7. Bb5 Bd7 8. Qd3 Be7 9. 0-0-0 0-0 10. Bxc6 bxc6 11. Nb3 Ne8 12. Bxe7 Qxe7 13. f4 a5 14. e5 d5 15. Qd4 Nc7 16. Qc5 Qd8 17. Rd4 f6 18. Kb1 fxe5 19. fxe5 Rf5 20. Re1 Qf8 21. Qd6 Qxd6 22. exd6 Ne8 23. Nc5 e5 24. Ra4 Ra7 25. b4 Nxd6 26. Rxa5 Rc7 27. Ra8+ Bc8 28. a4 e4 29. a5 h5 30. N3a4 Kh7 31. Nb6 Rff7 32. Nxc8 Nxc8 33. Ne6 Nd6 34. Nxc7 Rxc7 35. a6 Nb5 36. Kb2 Kg6 37. Ra1 e3 38. Re8 d4 39. Re5 Na7 40. c3 c5 41. bxc5 Kf6 42. cxd4 Nc6 43. Rxe3 1-0

[Event "Chessable Masters Play In"]
[Site "Chess.com INT"]
[Date "2025.02.17"]
[Round "2"]
[White "Narayanan, Srinath"]
[Black "Deac, Bogdan Daniel"]
[Result "0-1"]
[WhiteElo "2516"]
[BlackElo "2692"]
[PlyCount "124"]
[EventDate "2025.02.17"]
[EventType "swiss (blitz)"]
[EventRounds "9"]
[EventCountry "USA"]
[SourceTitle "CB08_2025"]
[SourceDate "2025.02.19"]
[SourceVersion "1"]
[SourceVersionDate "2025.02.19"]
[SourceQuality "1"]

1. Nf3 d5 2. e3 Nf6 3. c4 e6 4. Nc3 Bd6 5. b3 0-0 6. Bb2 c5 7. cxd5 exd5 8. d4 Nc6 9. Be2 cxd4 10. Nxd4 Nxd4 11. Qxd4 Re8 12. 0-0 Be5 13. Qd2 Bf5 14. Rfd1 Qa5 15. Na4 Qxd2 16. Rxd2 Bxb2 17. Nxb2 Rac8 18. Bf3 Be4 19. Rad1 h6 20. Nd3 d4 21. exd4 Bxf3 22. gxf3 Nd5 23. Kf1 Kf8 24. Re1 Red8 25. Ne5 Rc3 26. h4 Nf4 27. Kg1 f6 28. Nc4 Ng6 29. h5 Nh4 30. Red1 Nxf3+ 31. Kg2 Nxd2 32. Rxd2 Rd5 33. Ne3 Rxh5 34. d5 Ke8 35. Kf3 Re5 36. Kf4 h5 37. Kf3 g5 38. Kg2 Rexe3 39. fxe3 Rxe3 40. Rc2 Kd7 41. Rf2 Ke7 42. Rc2 Kd6 43. Rf2 Ke5 44. Rc2 Kxd5 45. Rc7 Re2+ 46. Kf3 Rxa2 47. Rxb7 a5 48. Ra7 Ra3 49. Kg2 Rxb3 50. Rxa5+ Ke6 51. Kf2 h4 52. Kg2 Kf7 53. Kh2 Kg6 54. Kg2 g4 55. Kh2 f5 56. Kg2 Kg5 57. Ra4 h3+ 58. Kh2 f4 59. Ra8 Rb2+ 60. Kh1 g3 61. Ra1 f3 62. Rc1 Rh2+ 0-1

[Event "Chessable Masters Play In"]
[Site "Chess.com INT"]
[Date "2025.02.17"]
[Round "5"]
[White "Pultinevicius, Paulius"]
[Black "Narayanan, Srinath"]
[Result "1-0"]
[WhiteElo "2566"]
[BlackElo "2516"]
[PlyCount "59"]
[EventDate "2025.02.17"]
[EventType "swiss (blitz)"]
[EventRounds "9"]
[EventCountry "USA"]
[SourceTitle "CB08_2025"]
[SourceDate "2025.02.19"]
[SourceVersion "1"]
[SourceVersionDate "2025.02.19"]
[SourceQuality "1"]

1. d4 d5 2. c4 dxc4 3. Nf3 Nf6 4. e3 e6 5. Bxc4 Be7 6. 0-0 0-0 7. b3 a6 8. a4 c5 9. Bb2 Nc6 10. Nbd2 Bd7 11. dxc5 Bxc5 12. Bxf6 gxf6 13. Ne4 Be7 14. Qe2 Na5 15. Bd3 f5 16. Ned2 Bf6 17. Rad1 Qe7 18. e4 Rfe8 19. Rfe1 Qb4 20. Nc4 Nxb3 21. Nfe5 Bxa4 22. Qh5 Re7 23. exf5 Nc5 24. Ng4 Qc3 25. Nce5 Bxe5 26. f6 Bxf6 27. Qxh7+ Kf8 28. Nh6 Rd7 29. Qg8+ Ke7 30. Nf5# 1-0

[Event "Titled Tuesday intern op 07th Jan Early"]
[Site "Chess.com INT"]
[Date "2025.01.07"]
[Round "11"]
[White "Agdestein, Simen"]
[Black "Narayanan, Srinath"]
[Result "1-0"]
[WhiteElo "2564"]
[BlackElo "2516"]
[PlyCount "115"]
[EventDate "2025.01.07"]
[EventType "swiss (blitz)"]
[EventRounds "11"]
[EventCountry "USA"]
[SourceTitle "CB03_2025"]
[SourceDate "2025.01.15"]
[SourceVersion "1"]
[SourceVersionDate "2025.01.15"]
[SourceQuality "1"]

1. d4 d5 2. c4 dxc4 3. e4 e5 4. Nf3 Bb4+ 5. Bd2 Bxd2+ 6. Qxd2 exd4 7. Qxd4 Qxd4 8. Nxd4 Ne7 9. Nb5 Na6 10. Bxc4 0-0 11. N1c3 Bd7 12. 0-0-0 Bc6 13. Rd2 Rfc8 14. Rhd1 Nc5 15. Nxc7 Rab8 16. f3 a6 17. N7d5 Nxd5 18. Bxd5 Bxd5 19. Rxd5 b5 20. Kb1 b4 21. Ne2 Ne6 22. Rc1 Rxc1+ 23. Kxc1 Kf8 24. Kd2 Ke7 25. Nd4 Rb6 26. Nf5+ Ke8 27. g3 g6 28. Nd4 Nc7 29. Rc5 Kd7 30. Kd3 Ne8 31. e5 Nc7 32. Kc4 h5 33. f4 Rb7 34. Ra5 Rb6 35. Ra4 Ne6 36. Nxe6 Kxe6 37. Rxb4 Rc6+ 38. Kd3 Kf5 39. h3 g5 40. fxg5 Kxg5 41. Rf4 Rc7 42. b4 Re7 43. h4+ Kg6 44. Rf6+ Kg7 45. Kd4 Rd7+ 46. Rd6 Rb7 47. a3 a5 48. Kc5 Rc7+ 49. Rc6 Re7 50. Kd6 Rb7 51. bxa5 Rb3 52. a6 Rxa3 53. Kc7 Kf8 54. Kb7 Rb3+ 55. Rb6 Rxg3 56. a7 Ra3 57. a8Q+ Rxa8 58. Kxa8 1-0

[Event "Titled Tuesday intern op 07th Jan Early"]
[Site "Chess.com INT"]
[Date "2025.01.07"]
[Round "3"]
[White "Rodriguez Fontecha, Marcos"]
[Black "Narayanan, Srinath"]
[Result "0-1"]
[WhiteElo "2278"]
[BlackElo "2516"]
[PlyCount "64"]
[EventDate "2025.01.07"]
[EventType "swiss (blitz)"]
[EventRounds "11"]
[EventCountry "USA"]
[SourceTitle "CB03_2025"]
[SourceDate "2025.01.15"]
[SourceVersion "1"]
[SourceVersionDate "2025.01.15"]
[SourceQuality "1"]

1. e4 c5 2. Nc3 d6 3. g3 g6 4. Bg2 Bg7 5. d3 Nc6 6. Be3 e5 7. Qd2 Nd4 8. Nd1 h5 9. c3 Ne6 10. h3 Ne7 11. Ne2 b5 12. 0-0 Rb8 13. f4 f5 14. d4 cxd4 15. cxd4 fxe4 16. dxe5 dxe5 17. Qxd8+ Nxd8 18. Bxe4 Bxh3 19. Re1 a6 20. fxe5 Bxe5 21. Bf4 Nf7 22. Ndc3 0-0 23. Nd5 Nf5 24. Rad1 Bg4 25. Rc1 Kg7 26. Bxe5+ Nxe5 27. Nef4 Rf7 28. Bxf5 Rxf5 29. Ne7 Nf3+ 30. Kf2 Rxf4 31. gxf4 Nxe1 32. Rxe1 Re8 0-1

[Event "Titled Tuesday intern op 23rd Jul Early"]
[Site "Chess.com INT"]
[Date "2024.07.23"]
[Round "1"]
[White "Mizinov, Igor"]
[Black "Narayanan, Srinath"]
[Result "0-1"]
[WhiteElo "2275"]
[BlackElo "2533"]
[PlyCount "42"]
[EventDate "2024.07.23"]
[EventType "swiss (blitz)"]
[EventRounds "11"]
[EventCountry "USA"]
[SourceTitle "EXT 2025"]
[Source "ChessBase"]
[SourceDate "2024.10.14"]
[SourceVersion "1"]
[SourceVersionDate "2024.10.14"]
[SourceQuality "1"]

1. d4 Nf6 2. c4 b6 3. Nf3 Bb7 4. g3 g6 5. Bg2 Bg7 6. 0-0 0-0 7. Nc3 c5 8. Re1 cxd4 9. Nxd4 Bxg2 10. Kxg2 d5 11. cxd5 Nxd5 12. Nxd5 Qxd5+ 13. Nf3 Qb7 14. Qb3 Nc6 15. Bd2 Nd4 16. Qd3 Rfd8 17. Bb4 Rac8 18. Rac1 Nc2 19. Qxc2 Rxc2 20. Rxc2 Qe4 21. Rec1 Qxb4 0-1

[Event "Titled Tuesday intern op 23rd Jul Early"]
[Site "Chess.com INT"]
[Date "2024.07.23"]
[Round "3"]
[White "Shuvalov, Evgenij"]
[Black "Narayanan, Srinath"]
[Result "1-0"]
[WhiteElo "1993"]
[BlackElo "2533"]
[PlyCount "101"]
[EventDate "2024.07.23"]
[EventType "swiss (blitz)"]
[EventRounds "11"]
[EventCountry "USA"]
[SourceTitle "EXT 2025"]
[Source "ChessBase"]
[SourceDate "2024.10.14"]
[SourceVersion "1"]
[SourceVersionDate "2024.10.14"]
[SourceQuality "1"]

1. d4 Nf6 2. c4 e6 3. Nf3 d5 4. Nc3 Bb4 5. cxd5 exd5 6. Bg5 0-0 7. Qc2 c6 8. e3 h6 9. Bh4 Re8 10. Bd3 Nbd7 11. 0-0 Nf8 12. Ne5 Bd6 13. f4 Ne6 14. h3 Be7 15. Rae1 a6 16. g4 c5 17. g5 Ne4 18. Nxd5 Qxd5 19. Bxe4 Qd6 20. d5 Nxg5 21. Bxg5 hxg5 22. Bh7+ Kf8 23. Nxf7 Kxf7 24. fxg5+ Bf6 25. Bg6+ Ke7 26. gxf6+ gxf6 27. Bxe8 Bxh3 28. Qe4+ Kd8 29. Bh5 Kc7 30. Qf4 Rg8+ 31. Kh2 Bxf1 32. Rxf1 Rh8 33. Qxd6+ Kxd6 34. Rf5 c4 35. Kg3 b5 36. Bf3 Rh6 37. Kf4 b4 38. Rh5 Rg6 39. e4 Rg1 40. Rh2 Rc1 41. Re2 a5 42. Ke3 Ke5 43. Rd2 c3 44. bxc3 bxc3 45. Rd1 Rc2 46. d6 Rxa2 47. d7 c2 48. d8Q Ra3+ 49. Kf2 cxd1Q 50. Qxd1 Ra2+ 51. Kg3 1-0

[Event "Paracin op-A 17th"]
[Site "Paracin"]
[Date "2024.07.10"]
[Round "8"]
[White "Narayanan, Srinath"]
[Black "Manish, Anto Cristiano F"]
[Result "1-0"]
[WhiteElo "2533"]
[BlackElo "2323"]
[PlyCount "93"]
[EventDate "2024.07.03"]
[EventType "swiss"]
[EventRounds "9"]
[EventCountry "SRB"]
[SourceTitle "CBM 221 Extra"]
[Source "ChessBase"]
[SourceDate "2024.09.30"]
[SourceVersion "1"]
[SourceVersionDate "2024.09.30"]
[SourceQuality "1"]

1. Nf3 d5 2. e3 Nf6 3. c4 e6 4. Nc3 Be7 5. b3 0-0 6. Bb2 dxc4 7. bxc4 c5 8. Be2 b6 9. 0-0 Bb7 10. Rc1 Nc6 11. a3 Rc8 12. d3 Qc7 13. Rc2 Rfd8 14. Qa1 Qb8 15. h3 Bf8 16. Rd1 Ne7 17. Nb1 Ne8 18. Nbd2 Ng6 19. Bc3 Be7 20. a4 Bf6 21. a5 Qc7 22. Rb1 Bxc3 23. Rxc3 Nf6 24. Rcb3 Nd7 25. Nf1 Ne7 26. Ng3 Nc6 27. Nh5 f6 28. axb6 axb6 29. Ng5 Re8 30. Bg4 Nd8 31. Ne4 Ra8 32. Nexf6+ gxf6 33. Nxf6+ Nxf6 34. Qxf6 Ra6 35. Qg5+ Kh8 36. Qf6+ Kg8 37. Qb2 Rf8 38. Rxb6 Rxb6 39. Qxb6 Qf7 40. f4 Qg6 41. Qxc5 Bc6 42. Rb8 h6 43. Rxd8 Rxd8 44. Qxc6 Rxd3 45. Bxe6+ Kf8 46. Qc5+ Kg7 47. Qe7+ 1-0

[Event "Paracin op-A 17th"]
[Site "Paracin"]
[Date "2024.07.08"]
[Round "6"]
[White "Narayanan, Srinath"]
[Black "Itgelt, Khuyagtsogt"]
[Result "1/2-1/2"]
[WhiteElo "2533"]
[BlackElo "2402"]
[PlyCount "88"]
[EventDate "2024.07.03"]
[EventType "swiss"]
[EventRounds "9"]
[EventCountry "SRB"]
[SourceTitle "CBM 221 Extra"]
[Source "ChessBase"]
[SourceDate "2024.09.30"]
[SourceVersion "1"]
[SourceVersionDate "2024.09.30"]
[SourceQuality "1"]

1. e4 e5 2. Nf3 Nc6 3. Bc4 Nf6 4. d3 Bc5 5. 0-0 0-0 6. Nbd2 d6 7. c3 a6 8. a4 h6 9. h3 Re8 10. b4 Ba7 11. Re1 Be6 12. Bxe6 Rxe6 13. Qc2 Re8 14. Rb1 Qd7 15. b5 axb5 16. axb5 Ne7 17. Nc4 Ng6 18. b6 cxb6 19. Nxb6 Bxb6 20. Rxb6 Ra6 21. Rb4 d5 22. Qb3 Rc6 23. exd5 Qxd5 24. c4 Qd6 25. Rxb7 Rd8 26. c5 Qd5 27. Ba3 Qxb3 28. Rxb3 Nd7 29. d4 Rcc8 30. Rc3 exd4 31. Nxd4 Nde5 32. Re4 Nc6 33. Nf5 Rd1+ 34. Kh2 Rd2 35. Kg3 Rcd8 36. Nd6 h5 37. f4 Nge7 38. Kh2 Nd5 39. Rf3 Nd4 40. Rf1 Nf6 41. Ree1 Nc2 42. Bc1 R2xd6 43. cxd6 Nxe1 44. Rxe1 Rxd6 1/2-1/2

[Event "Vojvodina op 14th"]
[Site "Novi Sad"]
[Date "2024.06.29"]
[Round "7"]
[White "Narayanan, Srinath"]
[Black "Aswath, S."]
[Result "1/2-1/2"]
[WhiteElo "2533"]
[BlackElo "2352"]
[PlyCount "135"]
[EventDate "2024.06.24"]
[EventType "swiss"]
[EventRounds "9"]
[EventCountry "SRB"]
[SourceTitle "CBM 220 Extra"]
[Source "ChessBase"]
[SourceDate "2024.07.31"]
[SourceVersion "1"]
[SourceVersionDate "2024.07.31"]
[SourceQuality "1"]

1. d4 d5 2. c4 e6 3. Nc3 Nf6 4. Nf3 c6 5. Bg5 Nbd7 6. e3 Qa5 7. Nd2 Bb4 8. Qc2 0-0 9. Be2 c5 10. Bf4 cxd4 11. exd4 dxc4 12. Nxc4 Qf5 13. Qxf5 exf5 14. 0-0 Bxc3 15. bxc3 Nd5 16. Bd2 N7f6 17. f3 b6 18. Nd6 Rd8 19. Nxc8 Raxc8 20. c4 Nc7 21. Be3 b5 22. Bf2 bxc4 23. Bxc4 Ne6 24. Rac1 g5 25. Rfd1 Nd5 26. h4 h6 27. hxg5 hxg5 28. Bxd5 Rxc1 29. Rxc1 Rxd5 30. Rc8+ Kg7 31. Rc4 Rb5 32. a4 Rb1+ 33. Kh2 Rd1 34. d5 Rxd5 35. Bxa7 Rd2 36. Be3 Ra2 37. Kg1 Kg6 38. Kf1 Ra1+ 39. Kf2 Ra2+ 40. Kg1 Ra1+ 41. Kh2 Ra2 42. Bc1 Kh5 43. Be3 Kg6 44. Kg1 Kh5 45. g3 Ra1+ 46. Kf2 Ra2+ 47. Ke1 Ra3 48. Ke2 Ra2+ 49. Ke1 Ra3 50. Kd2 Kg6 51. Bb6 f4 52. g4 Rxf3 53. Rc3 Rxc3 54. Kxc3 f3 55. a5 Nc7 56. Kd2 Na6 57. Ke3 f5 58. Kxf3 Kf6 59. Bd8+ Ke6 60. Bxg5 fxg4+ 61. Kxg4 Kd6 62. Bd2 Kc6 63. Kf5 Kb5 64. Ke6 Nc5+ 65. Kd5 Nb3 66. Bc3 Nxa5 67. Bxa5 Kxa5 68. Ke4 1/2-1/2

[Event "Vojvodina op 14th"]
[Site "Novi Sad"]
[Date "2024.06.27"]
[Round "4"]
[White "Narayanan, Srinath"]
[Black "Safarli, Eltaj"]
[Result "1/2-1/2"]
[WhiteElo "2533"]
[BlackElo "2595"]
[PlyCount "46"]
[EventDate "2024.06.24"]
[EventType "swiss"]
[EventRounds "9"]
[EventCountry "SRB"]
[SourceTitle "CBM 220 Extra"]
[Source "ChessBase"]
[SourceDate "2024.07.31"]
[SourceVersion "1"]
[SourceVersionDate "2024.07.31"]
[SourceQuality "1"]

1. e4 e5 2. Nf3 Nf6 3. Nxe5 d6 4. Nf3 Nxe4 5. d4 d5 6. Bd3 Bd6 7. 0-0 0-0 8. c4 c6 9. Qb3 Bg4 10. Bxe4 dxe4 11. Ng5 Be7 12. Nxe4 Qxd4 13. Qxb7 Qxe4 14. Qxa8 Bh3 15. gxh3 Qg6+ 16. Kh1 Qe4+ 17. Kg1 Qg6+ 18. Kh1 Qe4+ 19. f3 Qd3 20. Kg2 Qg6+ 21. Kh1 Qd3 22. Kg2 Qg6+ 23. Kh1 Qd3 1/2-1/2

[Event "Titled Tuesday intern op 21st May Early"]
[Site "Chess.com INT"]
[Date "2024.05.21"]
[Round "2"]
[White "Narayanan, Srinath"]
[Black "Aggelis, Nikolaos"]
[Result "0-1"]
[WhiteElo "2533"]
[BlackElo "2285"]
[PlyCount "164"]
[EventDate "2024.05.21"]
[EventType "swiss (blitz)"]
[EventRounds "11"]
[EventCountry "USA"]
[SourceTitle "CBM 220 Extra"]
[Source "ChessBase"]
[SourceDate "2024.07.31"]
[SourceVersion "1"]
[SourceVersionDate "2024.07.31"]
[SourceQuality "1"]

1. Nf3 f5 2. d4 Nf6 3. c4 g6 4. g3 Bg7 5. Bg2 0-0 6. 0-0 d6 7. Nc3 c6 8. Qb3 Na6 9. Re1 Kh8 10. e4 fxe4 11. Nxe4 Bf5 12. Nxf6 Bxf6 13. Bg5 Rb8 14. Qe3 Nb4 15. Bh6 Nc2 16. Qd2 Re8 17. Ng5 Bxg5 18. Bxg5 Nxa1 19. Rxa1 Qd7 20. d5 e5 21. dxc6 bxc6 22. b3 Be6 23. Rd1 d5 24. Bf6+ Kg8 25. Bxe5 Rbd8 26. Qg5 Qf7 27. Ba1 Bf5 28. h4 Be4 29. f3 Bc2 30. Rc1 Bf5 31. g4 Bc8 32. Rd1 Rd7 33. c5 Qe7 34. Bd4 Qxg5 35. hxg5 Rde7 36. Bf1 Re1 37. Rd2 Ba6 38. Rf2 R8e2 39. Rxe2 Bxe2 40. Kf2 Rxf1+ 41. Kxe2 Rb1 42. Ke3 Kf7 43. Kd2 Rf1 44. Ke3 Ke6 45. Ke2 Rh1 46. Ke3 a6 47. Ke2 Rh2+ 48. Bf2 Rh1 49. Bd4 Rc1 50. Ke3 Rc2 51. a4 Ra2 52. Kd3 Rh2 53. Ke3 Rh1 54. Kd3 h6 55. gxh6 Rxh6 56. Be3 Rh1 57. Bd4 Rh3 58. Ke3 Rh2 59. Kd3 Rh1 60. Ke3 Rd1 61. Bg7 Rb1 62. Kf4 Rxb3 63. Bh8 Rb4+ 64. Kg5 Kf7 65. a5 Rb5 66. Bd4 Rxa5 67. f4 Ra4 68. Be5 Re4 69. Bd6 a5 70. f5 gxf5 71. Kxf5 a4 72. g5 a3 73. g6+ Kg8 74. Be5 a2 75. Bf6 Re1 76. Kg5 Rg1+ 77. Kh6 a1Q 78. Bxa1 Rxa1 79. Kg5 Rc1 80. Kf6 Rxc5 81. Ke6 Rc4 82. Kd6 Kg7 0-1

[Event "Titled Tuesday intern op 21st May Early"]
[Site "Chess.com INT"]
[Date "2024.05.21"]
[Round "5"]
[White "Narayanan, Srinath"]
[Black "Becerra, Juan David"]
[Result "1-0"]
[WhiteElo "2533"]
[BlackElo "2301"]
[PlyCount "127"]
[EventDate "2024.05.21"]
[EventType "swiss (blitz)"]
[EventRounds "11"]
[EventCountry "USA"]
[SourceTitle "CBM 220 Extra"]
[Source "ChessBase"]
[SourceDate "2024.07.31"]
[SourceVersion "1"]
[SourceVersionDate "2024.07.31"]
[SourceQuality "1"]

1. e4 e5 2. Nf3 Nc6 3. Bc4 Bc5 4. c3 Nf6 5. d3 d6 6. 0-0 a5 7. Bb3 Ba7 8. Nbd2 0-0 9. h3 Ne7 10. d4 Ng6 11. Re1 c6 12. Nf1 exd4 13. cxd4 d5 14. e5 Ne4 15. Bc2 f5 16. exf6 Qxf6 17. N1h2 Be6 18. Bxe4 dxe4 19. Rxe4 Bd5 20. Re2 Nf4 21. Bxf4 Qxf4 22. Qd3 b5 23. b3 a4 24. Rae1 axb3 25. axb3 Bb6 26. Re3 Ba5 27. Rb1 Bc7 28. Ng4 Rae8 29. Rbe1 Rxe3 30. Rxe3 Ra8 31. Qd1 Rf8 32. Nge5 Bxe5 33. dxe5 Bxf3 34. Qxf3 Qxf3 35. gxf3 Kf7 36. Rc3 Rc8 37. b4 Ke6 38. f4 Kd5 39. Rc5+ Ke4 40. e6 Kxf4 41. e7 Re8 42. Rxc6 Rxe7 43. Rb6 Re5 44. Kg2 Rg5+ 45. Kf1 Ke4 46. Ke2 Kd4 47. Rc6 Re5+ 48. Kf3 Rf5+ 49. Kg3 Ke4 50. Rc7 Kd4 51. Rxg7 Kc4 52. Rxh7 Kxb4 53. f4 Kc4 54. Kg4 Rc5 55. Rb7 b4 56. f5 b3 57. f6 Rc6 58. Kg5 Rc8 59. f7 Kc3 60. h4 b2 61. Kg6 Kc2 62. Kg7 b1Q 63. Rxb1 Kxb1 64. f8Q 1-0

[Event "Titled Tuesday intern op 14th May Early"]
[Site "Chess.com INT"]
[Date "2024.05.14"]
[Round "2"]
[White "Narayanan, Srinath"]
[Black "Becerra, Juan David"]
[Result "1/2-1/2"]
[WhiteElo "2535"]
[BlackElo "2307"]
[PlyCount "140"]
[EventDate "2024.05.14"]
[EventType "swiss (blitz)"]
[EventRounds "11"]
[EventCountry "USA"]
[SourceTitle "EXT 2025"]
[Source "ChessBase"]
[SourceDate "2024.10.14"]
[SourceVersion "1"]
[SourceVersionDate "2024.10.14"]
[SourceQuality "1"]

1. Nf3 d5 2. e3 Bg4 3. c4 c6 4. Qb3 Bc8 5. Nc3 e6 6. d4 Nf6 7. Bd3 Nbd7 8. 0-0 Be7 9. e4 dxe4 10. Nxe4 0-0 11. Bf4 Nxe4 12. Bxe4 Nf6 13. Bc2 Qb6 14. Qd3 c5 15. Be5 g6 16. dxc5 Qxc5 17. Rad1 Nd7 18. Bd4 Qh5 19. Rfe1 b6 20. Qe4 Rb8 21. Qf4 Bb7 22. Ne5 Nxe5 23. Bxe5 Rbd8 24. Qe3 Qg4 25. Bg3 Qxc4 26. Bb3 Qc5 27. Qe2 Rxd1 28. Rxd1 Rd8 29. Re1 Bf6 30. h4 h5 31. Kh2 Qd4 32. f4 Qxb2 33. Qxb2 Bxb2 34. Re2 Bc3 35. Rc2 Ba5 36. Rc7 Bd5 37. Rxa7 Bxb3 38. axb3 Rd3 39. f5 gxf5 40. Be5 Rd8 41. Rb7 Rc8 42. g3 Bc3 43. Bc7 Bd4 44. b4 Be3 45. Kh3 Kg7 46. b5 Kg6 47. Bxb6 Bxb6 48. Rxb6 Rc3 49. Kg2 Rb3 50. Rb8 f4 51. gxf4 Kf5 52. Rh8 Kxf4 53. Rxh5 f5 54. Rh6 Ke5 55. h5 Rxb5 56. Rg6 Rb8 57. Kg3 Ke4 58. Rxe6+ Kd5 59. Rg6 Ke5 60. h6 Rh8 61. Kh4 Kf4 62. Kh5 Ke3 63. Re6+ Kf3 64. Rf6 f4 65. Kg5 Kg3 66. Kg6 f3 67. Kg7 Rxh6 68. Kxh6 f2 69. Kg5 Kg2 70. Rxf2+ Kxf2 1/2-1/2

[Event "Titled Tuesday intern op 14th May Early"]
[Site "Chess.com INT"]
[Date "2024.05.14"]
[Round "9"]
[White "Skotheim, Andreas"]
[Black "Narayanan, Srinath"]
[Result "0-1"]
[WhiteElo "2225"]
[BlackElo "2535"]
[PlyCount "150"]
[EventDate "2024.05.14"]
[EventType "swiss (blitz)"]
[EventRounds "11"]
[EventCountry "USA"]
[SourceTitle "EXT 2025"]
[Source "ChessBase"]
[SourceDate "2024.10.14"]
[SourceVersion "1"]
[SourceVersionDate "2024.10.14"]
[SourceQuality "1"]

1. c4 e5 2. Nf3 d6 3. d4 e4 4. Nfd2 f5 5. e3 Nf6 6. Nc3 g6 7. f3 exf3 8. Nxf3 Bg7 9. Bd3 0-0 10. 0-0 Re8 11. Qc2 Nc6 12. a3 Bd7 13. Bd2 a5 14. Rad1 Re7 15. Bc1 Qe8 16. Rfe1 Ng4 17. Nd5 Rc8 18. Nxe7+ Qxe7 19. h3 Nf6 20. e4 fxe4 21. Bxe4 Nxe4 22. Qxe4 Qf8 23. Qd5+ Kh8 24. Ng5 h6 25. Rf1 Bf5 26. Ne6 Qe7 27. Nxg7 Qxg7 28. g4 Ne7 29. Qxb7 Bd7 30. Qf3 Re8 31. Qf7 Qxf7 32. Rxf7 Be6 33. Rf6 Bxc4 34. Re1 Kg7 35. g5 Bf7 36. b4 axb4 37. axb4 hxg5 38. Bxg5 Nd5 39. Rxe8 Bxe8 40. Re6 Bd7 41. Re1 Bxh3 42. Bd2 Kf7 43. Kf2 Kf6 44. Kf3 Bf5 45. Rc1 g5 46. Ra1 g4+ 47. Kg3 Ke6 48. Re1+ Kd7 49. Rf1 Be6 50. Re1 Ne7 51. Kf4 Nd5+ 52. Kg3 c6 53. Rb1 Ne7 54. Re1 Nf5+ 55. Kf4 Nxd4 56. Re3 Nb5 57. Be1 Nc7 58. Kg5 Nd5 59. Ra3 Kc7 60. Ra7+ Kb6 61. Bf2+ Kb5 62. Rb7+ Kc4 63. Rb8 Nxb4 64. Bg3 d5 65. Be5 Nd3 66. Bd6 d4 67. Re8 Kd5 68. Rd8 Ke4 69. Be7 c5 70. Rd6 Bd5 71. Bf6 c4 72. Rd8 c3 73. Kxg4 Nc5 74. Bg5 Ne6 75. Rc8 d3 0-1

[Event "Titled Tuesday intern op 14th May Early"]
[Site "Chess.com INT"]
[Date "2024.05.14"]
[Round "4"]
[White "Smieszek, Wojciech"]
[Black "Narayanan, Srinath"]
[Result "0-1"]
[WhiteElo "2110"]
[BlackElo "2535"]
[PlyCount "78"]
[EventDate "2024.05.14"]
[EventType "swiss (blitz)"]
[EventRounds "11"]
[EventCountry "USA"]
[SourceTitle "EXT 2025"]
[Source "ChessBase"]
[SourceDate "2024.10.14"]
[SourceVersion "1"]
[SourceVersionDate "2024.10.14"]
[SourceQuality "1"]

1. e4 c5 2. Nf3 d6 3. d4 cxd4 4. Nxd4 Nf6 5. Nc3 Nc6 6. Be3 Ng4 7. Bb5 Nxe3 8. fxe3 Bd7 9. Bxc6 bxc6 10. 0-0 e6 11. e5 Be7 12. exd6 Bxd6 13. Ne4 Be7 14. Nb3 0-0 15. Nbc5 Bc8 16. Qxd8 Rxd8 17. Rad1 Rxd1 18. Rxd1 f5 19. Nd6 e5 20. b4 a5 21. a3 axb4 22. axb4 f4 23. exf4 Bg4 24. Rd2 exf4 25. h3 Ra1+ 26. Kh2 Rd1 27. Rxd1 Bxd1 28. Nf5 Bf6 29. Nd7 Bc3 30. Ne7+ Kf7 31. Nxc6 Bxc2 32. b5 Ba4 33. Na7 Bd4 34. Nc8 Ke8 35. Nb8 f3 36. Nd6+ Kf8 37. Nd7+ Ke7 38. Nf5+ Kxd7 39. Nxd4 f2 0-1

[Event "Chess.com Classic Play In"]
[Site "Chess.com INT"]
[Date "2024.05.08"]
[Round "6"]
[White "Narayanan, Srinath"]
[Black "Pakleza, Zbigniew"]
[Result "0-1"]
[WhiteElo "2535"]
[BlackElo "2489"]
[PlyCount "128"]
[EventDate "2024.05.08"]
[EventType "swiss (rapid)"]
[EventRounds "9"]
[EventCountry "USA"]
[SourceTitle "CBM 220 Extra"]
[Source "ChessBase"]
[SourceDate "2024.07.31"]
[SourceVersion "1"]
[SourceVersionDate "2024.07.31"]
[SourceQuality "1"]

1. Nf3 d5 2. e3 Nf6 3. c4 c6 4. Nc3 Bg4 5. h3 Bxf3 6. Qxf3 e6 7. b3 Nbd7 8. Bb2 Bb4 9. a3 Bd6 10. Qd1 0-0 11. Be2 a6 12. 0-0 Qe7 13. b4 b5 14. c5 Bc7 15. a4 e5 16. d4 Rfe8 17. axb5 axb5 18. Bxb5 cxb5 19. Nxb5 Rxa1 20. Qxa1 Bb8 21. Rc1 Ne4 22. c6 Nb6 23. c7 Nc4 24. cxb8Q Rxb8 25. Nc3 exd4 26. Nxd5 Qh4 27. g3 Qxh3 28. Rxc4 Nd2 29. Qd1 Nxc4 30. Bxd4 Qe6 31. Nf4 Qf5 32. Bc3 f6 33. Qb3 Qb5 34. Ne6 Rc8 35. Nd4 Qd5 36. Be1 h5 37. b5 h4 38. gxh4 Rb8 39. Qa2 Nxe3 40. Qxd5+ Nxd5 41. Ba5 Ra8 42. Be1 Ra4 43. Nf5 Ra1 44. Kf1 Rb1 45. Nd6 Nf4 46. f3 Nd3 47. Ke2 Nxe1 48. Nc4 Nc2 49. b6 Nd4+ 50. Ke3 Ne6 51. Ke4 Nc5+ 52. Kd5 Na4 53. Kc6 Nxb6 54. Nxb6 Rh1 55. Nd5 Rxh4 56. f4 Kf7 57. Kd6 g6 58. Kd7 Rh1 59. Kd6 Rd1 60. Kc5 Ke6 61. f5+ gxf5 62. Nf4+ Ke5 63. Ne2 f4 64. Kc4 f3 0-1

[Event "Titled Tuesday intern op 07th May Early"]
[Site "Chess.com INT"]
[Date "2024.05.07"]
[Round "9"]
[White "Kuzubov, Yuriy"]
[Black "Narayanan, Srinath"]
[Result "0-1"]
[WhiteElo "2606"]
[BlackElo "2535"]
[PlyCount "62"]
[EventDate "2024.05.07"]
[EventType "swiss (blitz)"]
[EventRounds "11"]
[EventCountry "USA"]
[SourceTitle "EXT 2025"]
[Source "ChessBase"]
[SourceDate "2024.10.14"]
[SourceVersion "1"]
[SourceVersionDate "2024.10.14"]
[SourceQuality "1"]

1. d4 d5 2. c4 dxc4 3. Nf3 Nf6 4. e3 e6 5. Bxc4 c5 6. 0-0 a6 7. a4 cxd4 8. Nxd4 Be7 9. b3 0-0 10. Bb2 Bd7 11. Nd2 Nc6 12. N4f3 Nb4 13. Qe2 Bc6 14. Rfd1 Qa5 15. Ne5 Bd5 16. e4 Bxc4 17. Nexc4 Qh5 18. Qxh5 Nxh5 19. Be5 Nd3 20. Bd6 Bxd6 21. Nxd6 Nhf4 22. N2c4 Nb4 23. Kf1 Rab8 24. Nb6 Rfd8 25. e5 Nfd3 26. Ndc4 g5 27. Rd2 Nc5 28. Rad1 Rxd2 29. Rxd2 Nc6 30. Rd7 Nxb3 31. g3 Nc5 0-1